000 00481nam a2200169 i 4500
001 74972
003 ES-MaACL
005 20230906172314.0
007 t|
008 040921s1927 it ||||1| ita d
100 1 _aGothtein, Eberhard.
_959281
245 1 0 _aIgnacio de Loyola /
_cE. Gothein ; traduzione di A. Bartolini.
260 _aVenezia :
_b[s.n.,
_c1927] (
_eMilano :
_fBietti)
300 _a84 p. ;
_c21 cm.
700 1 _aBartolini, A.
_926153
852 _aES-MaACL
_jA-3551
999 _c74972
_d74972